Commonwealth Law bulletin (Record no. 575)

MARC details
000 -LEADER
fixed length control field 00395nam a22001457a 4500
008 - FIXED-LENGTH DATA ELEMENTS--GENERAL INFORMATION
fixed length control field 230606b xxu||||| |||| 00| 0 eng d
024 ## - OTHER STANDARD IDENTIFIER
Standard number or code 03050718
082 ## - DEWEY DECIMAL CLASSIFICATION NUMBER
Classification number 348.009
Item number CLB
100 ## - MAIN ENTRY--PERSONAL NAME
Titles and words associated with a name common wealth secretariat
245 ## - TITLE STATEMENT
Title Commonwealth Law bulletin
Remainder of title Volume 33, No4, December 2007
260 ## - PUBLICATION, DISTRIBUTION, ETC. (IMPRINT)
Name of publisher, distributor, etc. Taylor & Francis group
Date of publication, distribution, etc. 2007
300 ## - PHYSICAL DESCRIPTION
Extent 822p
440 ## - SERIES STATEMENT/ADDED ENTRY--TITLE
Number of part/section of a work 1
Volume/sequential designation 32
International Standard Serial Number 03050718
942 ## - ADDED ENTRY ELEMENTS (KOHA)
Source of classification or shelving scheme Dewey Decimal Classification
Koha item type Books
Holdings
Withdrawn status Lost status Source of classification or shelving scheme Damaged status Not for loan Home library Current library Date acquired Total Checkouts Full call number Barcode Date last seen Price effective from Koha item type
    Dewey Decimal Classification     Bunge Tower Library Bunge Tower Library 06/06/2023   348.009 CLB 10015140 06/06/2023 06/06/2023 Books
LIBRARY OPENING HOURS

When the Parliament is sitting: 8.00a.m - 7.00p.m or until the house adjourns
Mondays and Fridays and when the House is on Recess:  8.00a.m - 5.00p.m
Closed on Weekends and Public Holidays

Online Public Access Catalog (OPAC)
Website: http://www.parliament.go.ke
Bunge Library: https://libraryir.parliament.go.ke
Contact: library@parliament.go.ke | Tel no: (254-2)2221291 or 2848000 Ext 5043